00715nam a2200181 i 450000100060000000300090000600500170001500700030003200800410003510000450007624501090012126000440023030000220027474000660029685200320036299900170039495201220041137890ES-MaACL20251120063128.0t|030224s1966 sp ||||1| spa d1 aBurgo, Jaime Ignacio del, d1942-93264210aCiento veinticinco años de vigencia del pacto-ley de 16 de agosto de 1841 / cJaime Ignacio del Burgo. aPamplona : b[s.n., c1966] (fGómez) a109 p. ; c24 cm.0 a125 años de vigencia del pacto-ley de 16 de agosto de 1841. aES-MaACLjC-31757 bR.62364 c37890d37890 00104070aATENEOMbATENEOMcDEPO2d2008-01-17eSCl0oC-31757p1039894r2023-02-23 00:00:00w2023-02-23yMONOGRAFIA